UBT Library

Concepts in judgement and decision research : (Record no. 39660)

000 -LEADER
fixed length control field 00641cam a2200217 a 4500
001 - CONTROL NUMBER
control field 897919
005 - DATE AND TIME OF LATEST TRANSACTION
control field 20180104040324.0
008 - FIXED-LENGTH DATA ELEMENTS--GENERAL INFORMATION
fixed length control field 810501s1981 nyua bd 000 0 eng
010 ## - LIBRARY OF CONGRESS CONTROL NUMBER
LC control number 81007345
020 ## - INTERNATIONAL STANDARD BOOK NUMBER
International Standard Book Number 0030593379 :
Terms of availability $22.95
040 ## - CATALOGING SOURCE
Original cataloging agency DLC
Transcribing agency DLC
Modifying agency DLC
041 ## - LANGUAGE CODE
Language code of text/sound track or separate title eng
080 ## - UNIVERSAL DECIMAL CLASSIFICATION NUMBER
Universal Decimal Classification number 658.403 AND
082 00 - DEWEY DECIMAL CLASSIFICATION NUMBER
Classification number 658.403 AND
Edition number 19
100 ## - Rafti
Rafti 15
101 ## - Shkurtesa
Shkurtesa JUR
245 00 - TITLE STATEMENT
Title Concepts in judgement and decision research :
Statement of responsibility, etc Barry F. Anderson ... [et al.].
504 ## - BIBLIOGRAPHY, ETC. NOTE
Bibliography, etc Bibliography: p. 272-310.
906 ## - LOCAL DATA ELEMENT F, LDF (RLIN)
a 7
b cbc
c orignew
d 1
e ocip
f 19
g y-gencatlg
942 ## - ADDED ENTRY ELEMENTS (KOHA)
Source of classification or shelving scheme
Item type Books
Holdings
Withdrawn status Lost status Source of classification or shelving scheme Damaged status Not for loan Permanent location Current location Date acquired Total Checkouts Full call number Barcode Date last seen Price effective from Koha item type
          UBT - Lipjan UBT - Lipjan 01/04/2018   658.403 AND 002-2994660 01/04/2018 01/04/2018 Books
UBT Library © 2015-2024. All rights reserved University Education for Business and Technology